[Event "TCh-ROU Superliga w"]
[Site "Baile Herculane ROU"]
[Date "2010.09.04"]
[Round "1"]
[White "Voicu-Jagodzinsky,Carmen"]
[Black "Chirita,A"]
[Result "1/2-1/2"]
[WhiteElo "2313"]
[BlackElo "1995"]

1.e4 d5 2.exd5 Qxd5 3.Nc3 Qd8 4.d4 Nf6 5.Nf3 Bg4 6.h3 Bxf3 7.Qxf3 c6 8.Qd3 e6
9.Be3 Nbd7 10.O-O-O Qc7 11.g4 h6 12.Bg2 O-O-O 13.f4 Nb6 14.Rhf1 Nbd5 15.Bd2 Nxc3
16.Qxc3 Nd5 17.Qf3 Be7 18.c4 Nb4 19.Qb3 Na6 20.Be3 Rd7 21.Kb1 Rhd8 22.a3 Qa5
23.Be4 Nc7 24.Rd3 Bf6 25.Rfd1 Qb6 26.Qc2 Qa5 27.b4 Qa6 28.g5 Be7 29.h4 hxg5
30.hxg5 f5 31.Bf3 g6 32.Kb2 Bf8 33.Kb3 b5 34.Rc3 Bg7 35.cxb5 cxb5 36.Ka2 Kb8
37.Rc6 Qb7 38.Qc5 Nd5 39.Rxe6 Nxb4+ 40.axb4 Qxf3 41.Rc1 Bxd4 42.Bxd4 Rxd4
43.Qxd4 Rxd4 44.Re8+ Kb7 45.Re7+ Kb8 46.Re8+  1/2-1/2

[Event "7th Malaysia Open"]
[Site "Kuala Lumpur MAS"]
[Date "2010.09.04"]
[Round "5"]
[White "Smerdon,D"]
[Black "Nadanian,A"]
[Result "1/2-1/2"]
[WhiteElo "2526"]
[BlackElo "2411"]

1.e4 d5 2.exd5 Qxd5 3.Nc3 Qd6 4.d4 Nf6 5.Nf3 c6 6.Ne5 Nbd7 7.Bf4 Nd5 8.Nxd5 Qxd5
9.Qd2 Nxe5 10.dxe5 Qxd2+ 11.Bxd2 Bf5 12.O-O-O O-O-O 13.Bc4 e6 14.Be3 Rxd1+
15.Rxd1 Kc7 16.Bxa7 b6 17.a4 Bb4 18.g4 Bg6 19.h4 Ra8 20.h5 Be4 21.Rd4 Bg2
22.Bxe6 Rxa7 23.Rd7+ Kb8 24.Rd8+ Kc7 25.Rd7+ Kb8 26.Rd8+ Kb7 27.Rd7+ Ka6
28.Bc4+ b5 29.axb5+ cxb5 30.Bxb5+ Kb6 31.Rxa7 Kxa7 32.Kd1 Bf3+ 33.Be2 Bd5
34.Bd3 Bf3+ 35.Be2 Be4 36.Bc4 Bc5 37.Ke2 Bxc2 38.Bxf7 Bd4 39.f4 Bxb2 40.h6 gxh6
41.Be6 Bg6 42.Bd7 Bc2 43.Bf5 Bb3 44.Bxh7 Bf7 45.g5 hxg5 46.fxg5 Bxe5 47.Be4  1/2-1/2

[Event "9th Georgiev-Kesarovski Mem"]
[Site "Sunny Beach BUL"]
[Date "2010.09.04"]
[Round "8"]
[White "Dmochowska,A"]
[Black "Valev,Dimitar"]
[Result "1-0"]
[WhiteElo "1597"]
[BlackElo "1966"]

1.e4 d5 2.exd5 Qxd5 3.Nc3 Qd6 4.d4 Nf6 5.Nf3 a6 6.g3 Bg4 7.Bg2 Nc6 8.O-O O-O-O
9.d5 Nxd5 10.Qxd5 Qxd5 11.Nxd5 Rxd5 12.Ng5 Rc5 13.Nxf7 Rg8 14.Be4 Nd4 15.Bxh7 Ne2+
16.Kg2 Rh5 17.Bxg8 Bh3+ 18.Kh1 Bxf1 19.Be3 Bh3 20.Ng5 Bd7 21.Be6 Nd4 22.Bxd7+ Kxd7
23.Rd1 e5 24.c3 c5 25.cxd4 exd4 26.b4 Kc6 27.Bc1 g6 28.Ne6 Bd6 29.bxc5 Bxc5
30.Nxd4+ Kb6 31.Be3 Ka7 32.g4 Re5 33.Kg2 Re4 34.Kf3 Re5 35.Kf4  1-0

[Event "12th Open"]
[Site "Trieste ITA"]
[Date "2010.09.04"]
[Round "1"]
[White "Sorbera,G"]
[Black "Tzermiadianos,An"]
[Result "0-1"]
[WhiteElo "2057"]
[BlackElo "2426"]

1.e4 d5 2.exd5 Qxd5 3.Nc3 Qd6 4.d4 Nf6 5.Bc4 a6 6.f3 e6 7.Nge2 b5 8.Bb3 Bb7
9.Bf4 Qd7 10.Qd2 c5 11.dxc5 Qxd2+ 12.Bxd2 Nbd7 13.a4 b4 14.Na2 a5 15.c6 Bxc6
16.Nd4 Bd5 17.Nb5 Bxb3 18.cxb3 Rc8 19.Rc1 Nc5 20.Ke2 Nd5 21.Be3 Nxe3 22.Kxe3 Be7
23.Rc4 O-O 24.Rhc1 Rfd8 25.R1c2 Rd5 26.Nc1 Rcd8 27.Na7 Bf8 28.Nc6 Ra8 29.Rd4 Ra6
30.Rxd5 exd5 31.Nd4 g6 32.Nd3 Bh6+ 33.Ke2 Ne6 34.Rc8+ Kg7 35.Nb5 Nf4+ 36.Nxf4 Bxf4
37.Nc7 Ra7 38.Nxd5 Bxh2 39.Rc5 h5 40.f4 Bg1 41.Rb5 Bd4 42.Kd3 Bxb2 43.Nb6 Bf6
44.Rd5 h4 45.Nc4 Rc7 46.Rxa5 Rd7+ 47.Ke3 Bd4+ 48.Ke4 f5+ 49.Kf3 Bg1 50.Ke2 Rd4
51.Rb5 Rxf4 52.a5 Rf2+ 53.Ke1 Rxg2 54.Kf1 h3 55.Rb7+ Kh6 56.Rb8 Bd4 57.Rd8 Rg1+
58.Ke2 h2 59.Rxd4 h1=Q 60.Ne3 Qh2+ 61.Kd3 f4 62.Ng2  0-1

[Event "InventiChess GM"]
[Site "Antwerp BEL"]
[Date "2010.09.05"]
[Round "3"]
[White "Michiels,B"]
[Black "Hautot,S"]
[Result "1/2-1/2"]
[WhiteElo "2459"]
[BlackElo "2409"]

1.e4 d5 2.exd5 Qxd5 3.Nc3 Qd6 4.d4 Nf6 5.Nf3 c6 6.g3 g6 7.Bg2 Bg7 8.O-O O-O
9.Re1 Re8 10.Bf4 Qd8 11.Qd2 Bf5 12.h3 Qc8 13.g4 Be6 14.Bh6 Bh8 15.Ng5 Bd5
16.Nxd5 cxd5 17.Qf4 e6 18.c3 Nc6 19.Re2 Qb8 20.Qxb8 Raxb8 21.f4 Bg7 22.Bxg7 Kxg7
23.Nf3 Ne4 24.Ne5 f5  1/2-1/2

[Event "7th LGA Premium Cup"]
[Site "Nuremberg GER"]
[Date "2010.09.05"]
[Round "6"]
[White "Miller,E"]
[Black "Bartsch,B"]
[Result "0-1"]
[WhiteElo "2279"]
[BlackElo "2270"]

1.e4 d5 2.exd5 Qxd5 3.Nc3 Qd6 4.d4 Nf6 5.Nf3 a6 6.g3 Bf5 7.Bf4 Qb6 8.Qd2 Ne4
9.Nxe4 Bxe4 10.Bg2 Nc6 11.O-O O-O-O 12.c3 f6 13.Qe2 Bxf3 14.Qxf3 e5 15.dxe5 fxe5
16.Be3 Bc5 17.Bxc5 Qxc5 18.Qg4+ Kb8 19.Qxg7 Rhf8 20.b4 Qxc3 21.Bxc6 Qxc6
22.Rac1 Qb6 23.Rc2 e4 24.Re1 Rfe8 25.Qxh7 e3 26.Ree2 exf2+ 27.Rxf2 Rf8 28.Qh5 Qxb4
29.Qe5 Qb6 30.Kg2 Rxf2+ 31.Rxf2 Qc6+ 32.Kh3 Rd6 33.Rf8+ Ka7 34.Rf5 Rh6+ 35.Rh5 Qd7+
36.Kh4 Re6 37.Qf4 Rd6 38.g4 Qe7+ 39.g5 c5 40.Qf3 Rd4+ 41.Kg3 Qd6+ 42.Kg2 Rd2+
43.Kf1 Qd4 44.Ke1 Rc2  0-1

[Event "7th LGA Premium Cup"]
[Site "Nuremberg GER"]
[Date "2010.09.05"]
[Round "6"]
[White "Seibold,H"]
[Black "Heinzel,O"]
[Result "1-0"]
[WhiteElo "2180"]
[BlackElo "2324"]

1.e4 d5 2.exd5 Qxd5 3.Nc3 Qd6 4.d4 Nf6 5.Nf3 c6 6.Ne5 Nbd7 7.Nc4 Qc7 8.g3 Nb6
9.Ne3 Be6 10.Bg2 g6 11.O-O Bg7 12.Ne2 Rd8 13.Nf4 Bc8 14.c3 e5 15.Qe2 O-O
16.dxe5 Qxe5 17.Qc2 Rfe8 18.a4 a5 19.Qb3 Qc7 20.Qc2 Ng4 21.Nxg4 Bxg4 22.h3 Bc8
23.Qb3 Nd7 24.Be3 Bf8 25.Nd3 Rxe3 26.fxe3 Nc5 27.Nxc5 Bxc5 28.Rad1 Bxe3+
29.Kh2 Rf8 30.Qc4 Be6 31.Bd5 Bf5 32.Be4 Bc8 33.b4 Ba7 34.Bg2 Bb8 35.Rd3 Be6
36.Qc5 f5 37.Qd4 Qf7 38.Re3 Bc4 39.Rfe1 Ba6 40.Re7 Qf6 41.Qxf6 Rxf6 42.b5 cxb5
43.axb5 Bxb5 44.Rxb7  1-0

[Event "7th LGA Premium Cup"]
[Site "Nuremberg GER"]
[Date "2010.09.05"]
[Round "6"]
[White "Mainka,R"]
[Black "Braun,A"]
[Result "0-1"]
[WhiteElo "2483"]
[BlackElo "2538"]

1.e4 d5 2.exd5 Qxd5 3.Nc3 Qd6 4.d4 Nf6 5.Nf3 a6 6.g3 b5 7.Bg2 Bb7 8.O-O e6
9.Bf4 Qb6 10.a4 Bd6 11.Ne5 Bxg2 12.Kxg2 Qb7+ 13.Qf3 Qxf3+ 14.Kxf3 b4 15.Ne2 Nd5
16.Nc4 Ke7 17.Na5 Kd7 18.Nb3 Nc6 19.Rfd1 Rab8 20.Nec1 f6 21.Nd3 g5 22.Bd2 Ke7
23.Kg2 Kf7 24.Re1 Rhe8 25.Re4 Nb6 26.h3 a5 27.g4 h5 28.gxh5 Nc4 29.Re2 Rh8
30.Rf1 Rxh5 31.Bc1 Rbh8 32.Rh1 g4 33.Bf4 gxh3+ 34.Kh2 Bxf4+ 35.Nxf4 Rg5 36.Rg1 Rxg1
37.Kxg1 e5 38.dxe5 N6xe5  0-1

[Event "9th Georgiev-Kesarovski Mem"]
[Site "Sunny Beach BUL"]
[Date "2010.09.05"]
[Round "9"]
[White "Silhavy,M"]
[Black "Elayyash,Rawad"]
[Result "1-0"]
[WhiteElo "1750"]
[BlackElo "1830"]

1.e4 d5 2.exd5 Qxd5 3.Nc3 Qd6 4.d4 a6 5.Nf3 Nf6 6.g3 b5 7.a3 Bb7 8.Bg2 e6
9.O-O Be7 10.Bf4 Qb6 11.Qe2 Nbd7 12.Rad1 O-O 13.d5 Rae8 14.dxe6 fxe6 15.Ne5 Nxe5
16.Bxb7 Qxb7 17.Bxe5 Bc5 18.Bxf6 Rxf6 19.Ne4 Rf5 20.Nxc5 Rxc5 21.Rd2 c6 22.Qg4 Rd5
23.Re2 Qd7 24.Rfe1 Rf5 25.Qb4 c5 26.Qa5 Qc6 27.Qc3 Rd5 28.Qf3 Qd7 29.Qg4 Rf5
30.Qe4 e5 31.Qe3 Qc6 32.f4 e4 33.Qf2 Rf7 34.Qg2 Rfe7 35.Re3 b4 36.axb4 cxb4
37.h3 a5 38.b3 g6 39.Kh2 Qd6 40.R1e2 Qd4 41.g4 Kh8 42.g5 Kg8 43.h4 Qd7 44.Rxe4 Qg4
45.Rxe7 Qxh4+  1-0

[Event "9th Georgiev-Kesarovski Mem"]
[Site "Sunny Beach BUL"]
[Date "2010.09.05"]
[Round "9"]
[White "Badik,M"]
[Black "Draganova,P"]
[Result "1-0"]
[WhiteElo "1836"]
[BlackElo "2010"]

1.e4 d5 2.exd5 Qxd5 3.Nc3 Qd6 4.d4 Nf6 5.Nf3 a6 6.h3 Nc6 7.Be3 Bf5 8.Bd3 Bxd3
9.Qxd3 e5 10.O-O-O exd4 11.Nxd4 Nxd4 12.Bxd4 O-O-O 13.Qf5+ Qd7 14.Bxf6 Bd6
15.Qxd7+ Rxd7 16.Bd4 f6 17.g3 Rhd8 18.Be3 Re8 19.Rhe1 Rde7 20.Bd2  1-0

[Event "12th Open"]
[Site "Trieste ITA"]
[Date "2010.09.05"]
[Round "3"]
[White "Kovchan,A"]
[Black "Tzermiadianos,An"]
[Result "1/2-1/2"]
[WhiteElo "2562"]
[BlackElo "2426"]

1.e4 d5 2.exd5 Qxd5 3.Nc3 Qd6 4.d4 Nf6 5.Nf3 a6 6.a3 Bg4 7.h3 Bh5 8.g4 Bg6
9.Nh4 e6 10.Bg2 Nc6 11.Nxg6 hxg6 12.Be3 Be7 13.g5 Nd5 14.Nxd5 exd5 15.h4 Rd8
16.Qe2 Na5 17.b3 Nc6 18.b4 O-O 19.h5 Rfe8 20.Qg4 Bf8 21.hxg6 fxg6 22.Qh4 Ne7
23.Bh3 Nf5 24.Bxf5 gxf5 25.Qh7+ Kf7 26.Qxf5+ Ke7 27.g6 Qe6 28.Rh5 c6 29.Qxe6+ Kxe6
30.Kd2 Be7 31.Re1 Kd7 32.Bf4 Bf6 33.Rxe8 Rxe8 34.Be5 Re6 35.f4 Bxe5 36.fxe5 Rxg6
37.Rh8 Rg2+ 38.Ke3 Rxc2 39.Rg8 Rg2 40.a4 Rg1 41.a5 Rg4 42.Rb8 Re4+ 43.Kd3 Kc7
44.Rg8 Rg4  1/2-1/2

[Event "ch-ESP"]
[Site "El Sauzal ESP"]
[Date "2010.09.06"]
[Round "3"]
[White "Morales Camacho,J"]
[Black "Septien Lopez,V"]
[Result "1-0"]
[WhiteElo "2213"]
[BlackElo "1887"]

1.e4 d5 2.exd5 Qxd5 3.Nc3 Qd6 4.d4 Nf6 5.Nf3 g6 6.Ne5 Bg7 7.Bf4 Nh5 8.Be3 O-O
9.Nc4 Qd8 10.Be2 Nf6 11.O-O c6 12.h3 Nd5 13.Nxd5 cxd5 14.Nd2 Nc6 15.c3 Bd7
16.Re1 Rc8 17.Qb3 e6 18.Qxb7 Rb8 19.Qa6 Rxb2 20.Nb3 Qb6 21.Qa3 Rc2 22.Nc5 Bc8
23.Bd1 Qb2 24.Qxb2 Rxb2 25.Nb3 e5 26.Bc1 Rxb3 27.axb3 exd4 28.cxd4 Bxd4 29.Ra4 Bc3
30.Re2 Be6 31.Bd2 Bg7 32.Re1 Rb8 33.Bf4 Rb4 34.Bd6 Rxa4 35.bxa4 a5 36.Bg4 Bc3
37.Rd1 Bxg4 38.hxg4 d4 39.Kf1 f5 40.gxf5 gxf5 41.Ke2 Kf7 42.Rh1 Ke6 43.Rh6+ Kd5
44.Kd3 Be1 45.Ke2 Bc3 46.Kd3 Be1 47.f3 Bb4 48.Bxb4 Nxb4+ 49.Kd2 Kc4 50.Rxh7 Kb3
51.g4  1-0

[Event "6th ch-EU"]
[Site "Arvier ITA"]
[Date "2010.09.07"]
[Round "4"]
[White "Fox,An"]
[Black "Yeuillaz,C"]
[Result "1/2-1/2"]
[WhiteElo "2130"]
[BlackElo "2227"]

1.e4 d5 2.exd5 Qxd5 3.Nc3 Qd6 4.d4 Nf6 5.Nf3 Bg4 6.h3 Bxf3 7.Qxf3 c6 8.Be3 e6
9.O-O-O Qc7 10.Bc4 Nbd7 11.Bf4 Bd6 12.Bxd6 Qxd6 13.Ne4 Nxe4 14.Qxe4 Nf6 15.Qe5 O-O-O
16.Rhe1 Qf8 17.Qa5 Kb8 18.Re3 b6 19.Qe5+ Qd6 20.c3 Qc7 21.Qg5 Rhg8 22.Bb3 h6
23.Qe5 Rd7 24.Qxc7+ Kxc7 25.Rde1 Nd5 26.Bxd5 cxd5 27.g4 Kd6 28.f4 Re7 29.Kd2  1/2-1/2

[Event "6th ch-EU"]
[Site "Arvier ITA"]
[Date "2010.09.07"]
[Round "4"]
[White "Pepino,E"]
[Black "Mazzetta,R"]
[Result "1-0"]
[WhiteElo "2205"]
[BlackElo "1920"]

1.e4 d5 2.exd5 Qxd5 3.Nc3 Qd6 4.d4 Nf6 5.Nf3 Bg4 6.h3 Bh5 7.g4 Bg6 8.Bg2 c6
9.O-O Nbd7 10.Re1 e6 11.Ne2 Qc7 12.c4 Bd6 13.Nc3 O-O 14.Qe2 Bf4 15.Ne5 Bxc1
16.Raxc1 Rad8 17.Qe3 Nxe5 18.dxe5 Rd3 19.Qe2 Nd7 20.Ne4 Bxe4 21.Bxe4 Rxh3
22.Kg2 Rh4 23.Bc2 Rd8 24.Rcd1 Nf8 25.Kg3 Qe7 26.Rxd8 Qxd8 27.Qe3 Rh6 28.g5 Rh5
29.f4 Qe8 30.Bd1 f5 31.Bxh5 Qxh5 32.Qf3 Qxf3+ 33.Kxf3 Kf7 34.Rd1 Ke7 35.Rh1 Kf7
36.b4 Ke7 37.Ke3 Kd7 38.a4 Ke7 39.a5 b6 40.Kd3 g6 41.Rd1 bxa5 42.bxa5 Nd7
43.Rh1 Nf8 44.Ke3 a6 45.Kd4 Kd8 46.Kc3 Kc7 47.Rd1 Nd7 48.Rd6  1-0

[Event "ch-ESP"]
[Site "El Sauzal ESP"]
[Date "2010.09.07"]
[Round "4"]
[White "Perez Aleman,P"]
[Black "Septien Lopez,V"]
[Result "1-0"]
[WhiteElo "2111"]
[BlackElo "1887"]

1.e4 d5 2.exd5 Qxd5 3.Nc3 Qd6 4.d4 Nf6 5.Nf3 g6 6.Nb5 Qb6 7.Bf4 Nd5 8.Be5 f6
9.Bg3 c6 10.Bc4 cxb5 11.Bxd5 Be6 12.Be4 f5 13.Bd3 Bg7 14.Qe2 Bc4 15.Bxc4 bxc4
16.Qxc4 Nc6 17.c3 Rd8 18.Ng5  1-0

[Event "FSGM September"]
[Site "Budapest HUN"]
[Date "2010.09.08"]
[Round "5"]
[White "Mulyar,M"]
[Black "Czebe,A"]
[Result "1/2-1/2"]
[WhiteElo "2396"]
[BlackElo "2479"]

1.e4 d5 2.exd5 Qxd5 3.Nc3 Qd6 4.d4 Nf6 5.Nf3 g6 6.Bc4 Bg7 7.O-O O-O 8.Nb5 Qd8
9.Bf4 Ne8 10.Qd2 c6 11.Nc3 Nd7 12.Bb3 Nb6 13.Bh6 Bg4 14.Bxg7 Nxg7 15.Ne5 Be6
16.Ne4 Qc7 17.Nc5 Rad8 18.Qf4 Bxb3 19.axb3 Nd5 20.Qf3 a5 21.c3 b6 22.Ncd3 f6
23.Nc4 Ra8 24.Rfe1 Rfd8 25.Re2 Nf5 26.g3 Rf8 27.Re4 Rad8 28.Rae1 Ng7 29.Nf4 Rf7
30.Ne6 Nxe6 31.Rxe6 Qd7 32.R6e2 Re8 33.Qe4 e6 34.Qg4 b5 35.Nxa5 f5 36.Qf3 g5
37.c4 g4 38.Qd3 Nf6 39.Re5 Ne4 40.R1xe4 fxe4 41.Qxe4 Rc8 42.Qxg4+ Rg7 43.Qxe6+ Qxe6
44.Rxe6 Rg6 45.Rxg6+ hxg6 46.Kf1 Kf7 47.Ke2 Ke7 48.Kd3 Kd7 49.Nb7 g5 50.Nc5+ Ke7
51.h3 Rh8 52.Ne4 Rxh3 53.Nxg5 Rh1 54.Kc3 Rf1 55.Ne4 Re1 56.Nc5 Rc1+ 57.Kb4 Rd1
58.cxb5 cxb5 59.Kxb5 Rxd4 60.Kc6 Rd2 61.b4 Rxf2 62.b5 Rxb2 63.b6 Kf6 64.b7 Kf5
65.Kc7 Kg4 66.Ne4 Kf3  1/2-1/2

[Event "TCh-CRO Women"]
[Site "Sibenik CRO"]
[Date "2010.09.09"]
[Round "6"]
[White "Purgar,I"]
[Black "Djeno,S"]
[Result "1-0"]
[WhiteElo "2091"]
[BlackElo "2045"]

1.e4 d5 2.exd5 Qxd5 3.Nc3 Qd6 4.d4 Nf6 5.Nf3 a6 6.g3 b5 7.Bg2 Bb7 8.O-O e6
9.Bf4 Qb6 10.a4 c6 11.Ne5 Be7 12.Ne4 O-O 13.Bg5 Nxe4 14.Bxe7 Re8 15.Ba3 Nf6
16.c4 bxa4 17.Bc5 Qc7 18.Bb4 Nfd7 19.Nxf7 a5 20.Bd6 Qb6 21.c5 Qb4 22.Ng5 Nf6
23.Re1 Bc8 24.Bxb8 Rxb8 25.Bxc6 Rd8 26.Rxa4 Qxb2 27.Nxe6 Bxe6 28.Rxe6 Qc3
29.Re3 Qb2 30.d5 Rb4 31.Rxa5 Rd4 32.Qe1 Rd2 33.d6 Kf8 34.Ra1 Qd4 35.Re8+ Kf7
36.Re7+ Kf8 37.Kg2 Rc2 38.Rb7 Ne4 39.Bxe4 Rxc5 40.d7 Rd5 41.Bxd5 Qxd5+ 42.Kg1  1-0

[Event "TCh-CRO Women"]
[Site "Sibenik CRO"]
[Date "2010.09.10"]
[Round "7"]
[White "Lisac,T"]
[Black "Djeno,S"]
[Result "0-1"]
[WhiteElo "1761"]
[BlackElo "2045"]

1.e4 d5 2.exd5 Qxd5 3.Nc3 Qd6 4.d4 Nf6 5.h3 a6 6.a4 b6 7.Nf3 Bb7 8.Bd3 c5
9.dxc5 bxc5 10.Qe2 Nbd7 11.Ne4 Qc7 12.O-O g6 13.Nxf6+ Nxf6 14.Ne5 Bg7 15.Bf4 Nd5
16.Bg3 Qc8 17.Nc4 O-O 18.Be4 Ra7 19.Bxd5 Bxd5 20.Nb6 Qe6 21.Qd2 Bxg2 22.Kxg2 Qxb6
23.Rfb1 Rd8 24.Qe3 Rd5 25.Qf3 Rf5 26.Qe4 Rd7 27.Ra3 Bf6 28.Rb3 Qa5 29.Rb8+ Rd8
30.Qa8 Rxb8 31.Qxb8+ Kg7 32.Qb3 Qd2 33.c3 Qe2 34.Qd1 Qe4+ 35.Kg1 Rh5 36.Kh2 Qf5
37.Qf1 Rxh3+ 38.Qxh3 Qxb1 39.Qc8 Qxb2  0-1

[Event "TCh-ROU Superliga"]
[Site "Baile Herculane ROU"]
[Date "2010.09.11"]
[Round "8"]
[White "Fedorov,Alex"]
[Black "Ionescu,M"]
[Result "1-0"]
[WhiteElo "2599"]
[BlackElo "2342"]

1.e4 d5 2.exd5 Qxd5 3.Nc3 Qd6 4.d4 Nf6 5.Nf3 g6 6.Nb5 Qb6 7.c4 c6 8.Nc3 Bg4
9.Be2 Bg7 10.Qb3 Nbd7 11.Be3 Qxb3 12.axb3 a6 13.h3 Bxf3 14.Bxf3 O-O 15.O-O-O e5
16.d5 c5 17.g4 Rab8 18.g5 Nh5 19.Ne4 b6 20.Bxh5 gxh5 21.Kc2 f5 22.gxf6 Bxf6
23.Bh6 Rf7 24.Rhg1+ Kh8 25.Rg2 Rg8 26.Rxg8+ Kxg8 27.Nd6 Re7 28.Rg1+ Kh8 29.f3  1-0

[Event "12th Open"]
[Site "Trieste ITA"]
[Date "2010.09.11"]
[Round "9"]
[White "Tzermiadianos,An"]
[Black "Kuzubov,Y"]
[Result "0-1"]
[WhiteElo "2426"]
[BlackElo "2628"]

1.e4 d5 2.exd5 Qxd5 3.Nc3 Qd8 4.d4 Nf6 5.Nf3 Bg4 6.h3 Bxf3 7.Qxf3 c6 8.Be3 e6
9.O-O-O Nbd7 10.Kb1 Be7 11.Bc1 Qb6 12.g4 Qc7 13.g5 Nd5 14.Nxd5 cxd5 15.h4 Bd6
16.h5 O-O 17.Bd3 f5 18.Rde1 Rfe8 19.Re2 Nf8 20.Rhe1 Re7 21.g6 h6 22.Bxf5 exf5
23.Qxd5+ Kh8 24.Rxe7 Bxe7 25.Qxf5 Bd6 26.c3 Qd7 27.Qe4 Rd8 28.Bf4 Bxf4 29.Qxf4 Qh3
30.Qe5 Qf3 31.a3 Nd7 32.Qd6 Qf5+ 33.Ka1 Rg8 34.Re7 Nf6 35.Rxb7 Qxh5 36.Rxa7 Qxg6
37.Re7 Qg1+ 38.Ka2 Qxf2 39.c4 Qc2 40.Qb4 Rc8 41.Rxg7 Nd5  0-1

[Event "WCh w Blitz Quarter-Final"]
[Site "Moscow RUS"]
[Date "2010.09.14"]
[Round "2"]
[White "Meshcheriakova,E"]
[Black "Bogumil,T"]
[Result "1/2-1/2"]
[WhiteElo "2260"]
[BlackElo "2096"]

1.e4 d5 2.exd5 Qxd5 3.Nc3 Qd6 4.Nf3 Nf6 5.d4 c6 6.Bd3 Bg4 7.Be3 e6 8.h3 Bh5
9.O-O Nbd7 10.Ne4 Nxe4 11.Bxe4 Be7 12.c4 Bg6 13.Qc2 O-O 14.Rad1 Rac8 15.Rfe1 Bf6
16.Bxg6 hxg6 17.Qe4 Qb4 18.Qc2 Nb6 19.b3 Rfd8 20.Ne5 Nd7 21.Bf4 Nxe5 22.dxe5 Be7
23.Rxd8+ Rxd8 24.Rd1 Qa5 25.Rxd8+ Qxd8 26.Be3 b6 27.Kf1 g5 28.Ke2 Qc7 29.Qe4 Qb7
30.Qg4 Qa6 31.a4 b5 32.cxb5 cxb5 33.axb5 Qxb5+ 34.Qc4 Qb7 35.f3 a6 36.Kd3 Bb4
37.Bd4 a5 38.Be3 Qd7+ 39.Ke2 f6 40.exf6 gxf6 41.Bd4 Kf7 42.Qd3 f5 43.Qc4 Be7
44.Be3 Qd5 45.Qxd5 exd5 46.Kd3 Ke6 47.Kd4 Kd6 48.Bd2 Bd8 49.f4 Bb6+ 50.Kd3 g4
51.hxg4 fxg4 52.Bc3 Ke6 53.Be5 Kf5 54.Bd6 g3 55.Ke2 Ke4 56.f5 Kxf5 57.Bxg3 Ke4
58.Bb8 d4 59.g4 d3+ 60.Kd1 Bd8  1/2-1/2

[Event "WCh w Blitz Final"]
[Site "Moscow RUS"]
[Date "2010.09.17"]
[Round "4"]
[White "Kosintseva,N"]
[Black "Kosteniuk,A"]
[Result "0-1"]
[WhiteElo "2565"]
[BlackElo "2524"]

1.e4 d5 2.exd5 Qxd5 3.Nc3 Qd6 4.d4 Nf6 5.Nf3 c6 6.Ne5 Nbd7 7.f4 Nb6 8.g4 g6
9.Bg2 Bg7 10.O-O h5 11.g5 Ng4 12.Ne4 Qc7 13.Qe2 Nxe5 14.dxe5 Bg4 15.Qf2 O-O
16.b3 Rad8 17.c4 Qc8 18.Be3 Qc7 19.h3 Bf5 20.Rad1 Nc8 21.Kh2 Nb6 22.Bf3 Nc8
23.Ng3 Be6 24.h4 Rxd1 25.Rxd1 Rd8 26.Qe2 Rd7 27.Ne4 Bf5 28.Nc5 Rxd1 29.Qxd1 Bxe5
30.Kg3 Bg7 31.Nd3 Nd6 32.Nf2 b6 33.Bd4 Ne8 34.Bxg7 Nxg7 35.Qd4 Ne6 36.Qe3 c5
37.Ne4 Nd4 38.Bg2 Bg4 39.Qd3 Nf5+ 40.Kf2 Qxf4+ 41.Ke1 Nxh4  0-1

[Event "WCh w Blitz Final"]
[Site "Moscow RUS"]
[Date "2010.09.17"]
[Round "14"]
[White "Paikidze,N"]
[Black "Kosteniuk,A"]
[Result "1/2-1/2"]
[WhiteElo "2376"]
[BlackElo "2524"]

1.e4 d5 2.exd5 Qxd5 3.Nc3 Qd6 4.d4 Nc6 5.Be3 Bf5 6.Bd3 Bg6 7.Nf3 Nf6 8.a3 a6
9.h3 e6 10.Bxg6 hxg6 11.Qd3 Nd5 12.Nxd5 Qxd5 13.c4 Qa5+ 14.Bd2 Qh5 15.O-O Be7
16.Bc3 g5 17.Nh2 O-O-O 18.Rad1 Ne5 19.Qe4 Nxc4 20.d5 Nd6 21.Qa4 exd5 22.Rxd5 Qg6
23.Re1 Bf6 24.Rc5 Bxc3 25.Rxc3 Rhe8 26.Rec1 Nb5 27.Rc5 Kb8 28.Nf3 Re4 29.Qc2 Re7
30.Qxg6 fxg6 31.Rxg5 Rd6 32.a4 Na7 33.Ne5 Ree6 34.f4 Nc8 35.Nc4 Rc6 36.Rc3 Ne7
37.Ne5 Rcd6 38.Kh2 Nf5 39.Rd3 Rxd3 40.Nxd3 Re4 41.Rxg6 Rxa4 42.Rg5 Ne3 43.Rxg7 Rd4
44.Ne5 Rxf4 45.Nf3 Nc4 46.b3 Nd6 47.h4 b5 48.h5 Rf6 49.Rg6 Rxg6 50.hxg6 Nf5
51.Nd4 Ng7 52.g4 c5 53.Nf5 Ne8 54.g7 a5 55.Kg3 Nf6 56.Nd6 a4 57.Nxb5 axb3
58.Nc3 Kb7 59.g5 Nh5+ 60.Kg4 Nxg7 61.Kf4 Kc6 62.Ke5 Nh5 63.g6 b2 64.Nb1 Kb5
65.Kd5 Kb4 66.Ke4 c4 67.Kd4 Ng7 68.Ke3 Kb3 69.Kd2 Nf5 70.Nc3 Ng7 71.Nb1 Ne6
72.Nc3 Ng7 73.Nb1 Nh5 74.Nc3 Ng3 75.g7 Nf1+ 76.Ke2 Kxc3 77.g8=Q b1=Q 78.Qg7+ Kb3
79.Qb7+ Kc2 80.Qe4+ Kb2 81.Qxc4 Ng3+ 82.Kf3  1/2-1/2

[Event "WCh w Blitz Final"]
[Site "Moscow RUS"]
[Date "2010.09.18"]
[Round "17"]
[White "Muzychuk,A"]
[Black "Kosteniuk,A"]
[Result "0-1"]
[WhiteElo "2535"]
[BlackElo "2524"]

1.e4 d5 2.exd5 Qxd5 3.Nc3 Qd6 4.d4 Nf6 5.Nf3 c6 6.Ne5 Nbd7 7.Nc4 Qc7 8.Qf3 Nb6
9.Bf4 Qd7 10.Be5 Qg4 11.Qxg4 Bxg4 12.Na5 O-O-O 13.f3 Bf5 14.O-O-O Nfd5 15.Ne4 f6
16.Bg3 Ne3 17.Rd2 Nxf1 18.Rxf1 e6 19.c3 Be7 20.Re1 Rhe8 21.Bf2 Nd5 22.Ng3 Bd6
23.Nxf5 exf5 24.g3 Rxe1+ 25.Bxe1 Bc7 26.Nc4 b5 27.Na3 Re8 28.Nc2 f4 29.g4 Ne3
30.Re2 Kd7 31.Bf2 Nd5 32.Rxe8 Kxe8 33.Kd2 Kf7 34.Kd3 Ke6 35.b3 g6 36.c4 bxc4+
37.bxc4 Ne7 38.h3 Ba5 39.Be1 Bxe1 40.Nxe1 f5 41.Ke2 fxg4 42.fxg4 g5 43.Kf3 Ng6
44.Nd3 Kd6 45.Ke4 Nh4 46.Ne5 h6 47.c5+ Kc7 48.Nf7 Ng2 49.Nxh6 Ne3 50.Nf7 Nd5
51.Nxg5 Nc3+ 52.Kxf4 Nxa2 53.Ke3 Nc3 54.Ne6+ Kd7 55.Nf4 a5 56.Kd3 Nd1 57.Ke2 Nc3+
58.Kd2 Ne4+ 59.Kd3 Nf2+ 60.Kc4 Ke7 61.g5 Ne4 62.h4 Nd2+  0-1

[Event "WCh w Blitz Final"]
[Site "Moscow RUS"]
[Date "2010.09.18"]
[Round "22"]
[White "Muzychuk,M"]
[Black "Kosteniuk,A"]
[Result "0-1"]
[WhiteElo "2464"]
[BlackElo "2524"]

1.e4 d5 2.exd5 Qxd5 3.Nc3 Qd6 4.d4 Nf6 5.g3 Nc6 6.Nf3 Bg4 7.Bg2 O-O-O 8.Be3 e5
9.dxe5 Nxe5 10.Qxd6 Bxd6 11.Nxe5 Bxe5 12.O-O a6 13.Ne4 Nd5 14.c3 Nxe3 15.fxe3 f6
16.Nc5 c6 17.h3 Be2 18.Rf2 Bc4 19.g4 Rhe8 20.Be4 g6 21.Bc2 b6 22.Ne4 Re6
23.Rd1 Rxd1+ 24.Bxd1 Bxa2 25.b3 Bb1 26.Nd2 Bd3 27.c4 Bc3 28.Nf3 Rxe3 29.Kg2 Be4
30.Be2 Be1  0-1

[Event "EYCC Girls U14"]
[Site "Batumi GEO"]
[Date "2010.09.20"]
[Round "1"]
[White "Luzikova,N"]
[Black "Styazhkina,A"]
[Result "0-1"]
[WhiteElo "1778"]
[BlackElo "1974"]

1.e4 d5 2.exd5 Qxd5 3.Nc3 Qd6 4.d4 Nf6 5.Nf3 a6 6.g3 Bg4 7.Bg2 Nc6 8.Bf4 Qb4
9.O-O O-O-O 10.d5 e5 11.Qe1 Bxf3 12.Bxf3 Nd4 13.Be4 exf4 14.a3 Qe7 15.Rd1 Nxe4
16.Qxe4 Qxe4 17.Nxe4 Nf5  0-1

[Event "EYCC Girls U12"]
[Site "Batumi GEO"]
[Date "2010.09.20"]
[Round "1"]
[White "Shubitidze,Mariam"]
[Black "Osmak,Iulija"]
[Result "0-1"]
[WhiteElo "1476"]
[BlackElo "1979"]

1.e4 d5 2.exd5 Qxd5 3.Nc3 Qd6 4.d4 Nf6 5.Nf3 a6 6.Bd3 Bg4 7.Ne4 Nxe4 8.Bxe4 Nc6
9.c3 O-O-O 10.Be3 f5 11.Bd3 f4 12.Bd2 e5 13.h3 Bh5 14.Bf5+ Kb8 15.g4 fxg3
16.Bg5 gxf2+ 17.Kxf2 Be7 18.Bxe7 Nxe7 19.Bg4 Bxg4 20.hxg4 e4 21.Ne5 Rhf8+
22.Ke3 Qf6 23.Rf1 Qg5+ 24.Kxe4 Rfe8 25.Qc1 Qh4 26.Qe1 Qh6 27.Qg3 Nc6 28.Rae1 Qd2
29.Qf2 Rxe5+ 30.dxe5 Qd3+ 31.Kf4 Rf8+ 32.Kg5 h6+ 33.Kh5 Rxf2 34.Rxf2 Qh3+
35.Kg6 Qxg4+ 36.Kh7 Ne7 37.Rf7 Qg6+  0-1

[Event "EYCC Girls U16"]
[Site "Batumi GEO"]
[Date "2010.09.22"]
[Round "3"]
[White "Ibrahimova,S"]
[Black "Rakhmangulova,A"]
[Result "1-0"]
[WhiteElo "2029"]
[BlackElo "2153"]

1.e4 d5 2.exd5 Qxd5 3.Nc3 Qd6 4.Nb5 Qd8 5.d4 a6 6.Nc3 Nf6 7.Nf3 Nbd7 8.Be2 g6
9.Bc4 Nb6 10.Bb3 Bg7 11.Ne5 O-O 12.O-O Nbd7 13.Qe2 c5 14.Nxd7 Nxd7 15.Bg5 Nf6
16.dxc5 Qc7 17.Bxf6 exf6 18.Qe3 f5 19.Nd5 Qe5 20.Qxe5 Bxe5 21.c3 Bd7 22.Rfe1 Bg7
23.Rad1 Rad8 24.h3 g5 25.Ne7+ Kh8 26.Rd6 Bc8 27.Bxf7 f4 28.Bh5 Bf6 29.Nd5 Rxd6
30.cxd6 Kg7 31.Be8 Bf5 32.Nxf6 Rxf6 33.Rd1  1-0

[Event "EYCC Girls U16"]
[Site "Batumi GEO"]
[Date "2010.09.22"]
[Round "3"]
[White "Trapaidze,L"]
[Black "Leks,M"]
[Result "1-0"]
[WhiteElo "1676"]
[BlackElo "2052"]

1.e4 d5 2.exd5 Qxd5 3.Nc3 Qd6 4.g3 Nf6 5.Bg2 Nc6 6.Nf3 e5 7.O-O Bg4 8.h3 Bh5
9.d3 O-O-O 10.Re1 e4 11.Nxe4 Nxe4 12.Rxe4 Qd5 13.Bf4 f5 14.Re1 h6 15.h4 Bd6
16.c4 Qf7 17.Bxd6 Rxd6 18.Qb3 Bxf3 19.Bxf3 Qd7 20.Rad1 g5 21.hxg5 hxg5 22.Kg2 g4
23.Bd5 Rxd5 24.cxd5 Na5 25.Qc3 Qxd5+ 26.Kf1 Rh2 27.Ke2 Qf3+ 28.Kd2 Qxf2+
29.Kc1 b6 30.Re8+ Kb7 31.d4 Nc6 32.a3 Na5 33.b4 Nc4 34.Rde1 Nxa3 35.R1e2 Qxe2
36.Rxe2 Rxe2 37.Qxa3 Re4 38.Qc3 c6 39.Kd2 f4 40.Qd3 Re3 41.Qh7+ Ka6 42.gxf4  1-0

[Event "EYCC Girls U16"]
[Site "Batumi GEO"]
[Date "2010.09.23"]
[Round "5"]
[White "Gevorgyan,M"]
[Black "Rakhmangulova,A"]
[Result "1/2-1/2"]
[WhiteElo "1981"]
[BlackElo "2153"]

1.e4 d5 2.exd5 Qxd5 3.Nc3 Qd6 4.d4 Nf6 5.Nf3 Bg4 6.h3 Bh5 7.g4 Bg6 8.Ne5 Nbd7
9.Nb5 Qb6 10.a4 c6 11.Nc4 Qd8 12.Qe2 Ne4 13.Nc3 Ndf6 14.Bg2 Qxd4 15.Nxe4 Nxe4
16.Be3 Qf6 17.Rd1 e5 18.Bc1 Bc5 19.Be3 O-O 20.O-O Bxe3 21.Qxe3 Qf4 22.Rde1 Qxe3
23.Rxe3 Nc5 24.Nxe5 Nxa4 25.Nxg6 fxg6 26.b3 Nb6 27.Ra1 Rf7 28.Re4 Rd7 29.Rb4 Nc8
30.Bf1 Ne7 31.Re4 Nd5 32.Bc4 Kf7 33.Rae1 g5 34.Re5 h6 35.Bd3 Nf4 36.Bc4+ Kg6
37.h4 gxh4 38.Rf5 b5 39.Rxf4 bxc4 40.Rxc4 Rd6 41.Kg2 Rf8 42.f4 c5 43.Re7 Rd4
44.f5+ Kf6 45.Re6+ Kf7 46.Rxd4 cxd4 47.Rc6 Re8 48.Kh3 Re3+ 49.Kxh4 Rc3 50.Rd6 Rxc2
51.Rxd4 Rc7 52.Rd5  1/2-1/2